|
|
|
|
| LEADER |
00913nam a22002291 4500 |
| 001 |
c000007397 |
| 003 |
CARM |
| 005 |
00000000000000.0 |
| 008 |
851113s1947 nyu 0 eng d |
| 019 |
1 |
|
|a 4144148
|5 LACONCORD2021
|
| 035 |
|
|
|a (OCoLC)219395381
|5 LACONCORD2021
|
| 100 |
1 |
|
|a Feigl, F.
|q (Fritz),
|d 1891-1971.
|
| 245 |
1 |
0 |
|a Qualitative analysis by spot tests :
|b inorganic and organic applications /
|c by F.Feigl. Trans. from the German by R.E.Oesper.
|
| 250 |
|
|
|a 3rd ed.
|
| 260 |
|
|
|a N.Y. :
|b Elsevier,
|c 1947.
|
| 500 |
|
|
|a 4th ed. pub. as the author's Spot tests.
|
| 650 |
|
0 |
|a Spot test (Chemistry).
|
| 650 |
|
0 |
|a Chemistry, Analytic
|x Qualitative.
|
| 852 |
8 |
|
|b CARM
|h A2:AH35F0
|i C04106
|p 0127278
|f BK
|
| 082 |
0 |
4 |
|a 544
|
| 999 |
f |
f |
|i 35d9c05c-ad79-5a1f-a770-730a49889314
|s 3514754e-c67c-5108-ad6d-c03bc60dd16f
|
| 952 |
f |
f |
|p Can circulate
|a CAVAL
|b CAVAL
|c CAVAL
|d CARM 1 Store
|e C04106
|f A2:AH35F0
|h Other scheme
|i book
|m 0127278
|